000 00682nam a2200241 i 4500
001 14413
003 ES-MaACL
005 20250304063059.0
007 t|
008 980605s1998 sp ||||0| spa j
020 _a84-204-3071-4
040 _aM-BN
_bspa
_cM-BN
080 _a821.134.3-31"19"
100 1 _aSaramago, José,
_d1922-2010
_9103754
245 1 0 _aTodos los nombres /
_cJosé Saramago ; traducción de Pilar del Río.
250 _a5ª ed.
260 _aMadrid :
_bAlfaguara,
_c[1998]
300 _a323 p. ;
_c22 cm.
700 1 _aRío, Pilar del.
_997313
852 _aES-MaACL
_jL-21618
_bR.127096
999 _c14413
_d14413